| 000 | 00630nam a2200205 i 4500 | ||
|---|---|---|---|
| 001 | 79896 | ||
| 003 | ES-MaACL | ||
| 005 | 20250728232929.0 | ||
| 007 | t| | ||
| 008 | 041025s1962 sp a |||| | spa d | ||
| 100 | 1 |
_aHeslop, R. B. _963453 |
|
| 245 | 1 | 0 |
_aQuímica inorgánica / _cR.B. Heslop, P.L. Robinson ; traducción por A. Doadrio López. |
| 260 |
_aMadrid : _bAlhambra, _c1962. |
||
| 300 |
_aVIII, 564 p. : _bil. ; _c25 cm. |
||
| 650 | 0 | 7 |
_aQuímica inorgánica _2embne _916638 |
| 700 | 1 |
_aRobinson, P. L. _997899 |
|
| 700 | 1 |
_aDoadrio López, Antonio. _9164898 |
|
| 852 |
_aES-MaACL _jC-22135 |
||
| 999 |
_c79896 _d79896 |
||